000 00544 a2200181 4500
999 _c8421
_d8421
010 _aENG-88449
020 _a8189915207
_c900.00
035 _aEN-71982
037 _bDBAD / PUB
082 1 4 _a332.120681
100 _aJain, Vibha
245 1 _aNon-performing assets in commercial banks/
_cby Vibha Jain
260 _aNew Delhi
_bRegal Publications
_c2007
270 _aF-159, Rajouri Garden
_cNew Delhi
_e110 027
300 _axvii, 336p.
_c22cm (Hb)
500 _aIncludes index
942 _adpl
_cEN
_2ddc
_h332.120681
_mJAI